The Tribes of Kenya : (Record no. 13143)
[ view plain ]
| 000 -LEADER | |
|---|---|
| fixed length control field | 00591nam a22001932 4500 |
| 001 - CONTROL NUMBER | |
| control field | 0000008926 |
| 005 - DATE AND TIME OF LATEST TRANSACTION | |
| control field | 20151217155836.0 |
| 008 - FIXED-LENGTH DATA ELEMENTS--GENERAL INFORMATION | |
| fixed length control field | 080619s xx 000 0 eng d |
| 020 ## - INTERNATIONAL STANDARD BOOK NUMBER | |
| Terms of availability | KES |
| 040 ## - CATALOGING SOURCE | |
| Original cataloging agency | KABU |
| Transcribing agency | KABU |
| 100 1# - MAIN ENTRY--PERSONAL NAME | |
| Personal name | Matheson, Alastair. |
| -- | 0000159725 |
| 245 14 - TITLE STATEMENT | |
| Title | The Tribes of Kenya : |
| Remainder of title | a brief guide to the various African peoples of Kenya / |
| Statement of responsibility, etc. | Alastair Matheson. |
| 260 ## - PUBLICATION, DISTRIBUTION, ETC. (IMPRINT) | |
| Place of publication, distribution, etc. | Nairobi : |
| Name of publisher, distributor, etc. | Govt. Printer, |
| Date of publication, distribution, etc. | [196?] |
| 300 ## - PHYSICAL DESCRIPTION | |
| Extent | 48 p. |
| 650 #0 - SUBJECT ADDED ENTRY--TOPICAL TERM | |
| Topical term or geographic name as entry element | Tribes |
| Geographic subdivision | Kenya. |
| -- | 0000159726 |
| 908 ## - PUT COMMAND PARAMETER (RLIN) | |
| Put command parameter | 080619 |
| 950 ## - LOCAL HOLDINGS (RLIN) | |
| -- | 1 |
| Withdrawn status | Lost status | Source of classification or shelving scheme | Not for loan | Home library | Current library | Date acquired | Total Checkouts | Full call number | Barcode | Date last seen | Price effective from | Koha item type |
|---|---|---|---|---|---|---|---|---|---|---|---|---|
| Library of Congress Classification | Kabarak, Main Campus | Kabarak, Main Campus | 17/12/2015 | DT433.542 .M38 c. 1 | 012317 | 17/12/2015 | 17/12/2015 | Africana Collection |